00355nam a22001577a 4500003000400000008004100004020001800045100002500063245001500088250000900103260003600112300000800148650001200156942001200168999001700180OSt250503b |||||||| |||| 00| 0 eng d a9788195326402 aSWAMI,Mahatma Naryan aVed Rehsya a23th aNew DelhibArya Prakashanc2023 a242 aGeneral 2ddccBK c13503d13502